000
003190000a22001450004500
041
0
_a
SPA
082
0
4
_a
G 864 D988t
100
1
_a
Dávila Vázquez, Jorge
245
1
0
_a
Los tiempos del olvido / Jorge Dávila Vásquez
250
_a
2
260
_a
Ecuador : Cuenca
300
_a
106 Pag
001
11126
942
_c
BK
999
_c
40494
_d
40494